La moral social o Deberes del Estado y de los ciudadanos en todo cuanto tiene relación con la propiedad la familia, la educación... / (Record no. 68522)

MARC details
000 -LEADER
campo de control de longitud fija 00764nam a22002055i 4500
001 - NÚMERO DE CONTROL
campo de control 68522
003 - IDENTIFICADOR DE NÚMERO DE CONTROL
campo de control ES-MaACL
005 - FECHA Y HORA DE LA ÚLTIMA TRANSACCIÓN
campo de control 20250905131116.0
007 - CAMPO FIJO DE DESCRIPCIÓN FÍSICA--INFORMACIÓN GENERAL
campo de control de longitud fija t|
008 - DATOS DE LONGITUD FIJA--INFORMACIÓN GENERAL
campo de control de longitud fija 940202s1858 sp ||||1| spa d
040 ## - FUENTE DE CATALOGACIÓN
Centro catalogador/agencia de origen AS
Lengua de catalogación spa
100 1# - ENTRADA PRINCIPAL--NOMBRE DE PERSONA
Nombre de persona Garnier, Adolphe.
9 (RLIN) 55604
245 13 - MENCIÓN DEL TÍTULO
Título La moral social o Deberes del Estado y de los ciudadanos en todo cuanto tiene relación con la propiedad la familia, la educación... /
Mención de responsabilidad, etc. por Adolfo Garnier ; traducida por Manuel Angelon.
260 ## - PUBLICACIÓN, DISTRIBUCIÓN, ETC.
Lugar de publicación, distribución, etc. Madrid :
Nombre del editor, distribuidor, etc. Librería Española ;
Lugar de publicación, distribución, etc. Barcelona :
Nombre del editor, distribuidor, etc. en el Plus Ultra,
Fecha de publicación, distribución, etc. 1858 (
Lugar de fabricación/manufactura Barcelona :
Fabricante Imp. de Luis Taso)
300 ## - DESCRIPCIÓN FÍSICA
Extensión 349 p. ;
Dimensiones 21 cm.
700 1# - ENTRADA AGREGADA--NOMBRE PERSONAL
Nombre de persona Angelón, Manuel,
Fechas asociadas al nombre 1831-1889
9 (RLIN) 21725
852 ## - LOCALIZACIÓN
Ubicación ES-MaACL
Número de control de estantería D-1207
Holdings
Estatus retirado Estado de pérdida Estado de daño No para préstamo Colección Biblioteca de origen Biblioteca actual Ubicación en estantería Fecha de adquisición Fuente de adquisición Total de préstamos Signatura topográfica completa Código de barras Visto por última vez Precio de reemplazo Tipo de ítem Koha
        Libros del s. XIX Biblioteca del Ateneo de Madrid Biblioteca del Ateneo de Madrid Sala Valle Inclán 17/01/2008     D-1207 901071732 23/02/2023 23/02/2023 Libro impreso antiguo